Statystyki dla Kluby z ekstraklasy które zdobyły najwięcej tytułów mistrza Polski

Kliknij tutaj aby rozwiązać quiz!

Ogólne statystyki

  • Ten quiz został rozwiązany 69 razy
  • Średni wynik to 9 z 15

Statystyki odpowiedzi

HintOdpowiedź% Poprawnych
3Legia Warszawa
100%
5Lech Poznań
98%
4Wisła Kraków
88%
1Ruch Chorzów
79%
6Cracovia
77%
2Górnik Zabrze
74%
12Śląsk Wrocław
63%
7Widzew Łódź
61%
11Polonia Warszawa
60%
15Zagłębie Lubin
58%
13ŁKS Łódź
51%
9Warta Poznań
44%
10Polonia Bytom
37%
8Pogoń Lwów
26%
14Stal Mielec
26%

Rozkład punktacji

Percentyl według liczby udzielonych odpowiedzi

Procent ludzi z każdym wynikiem

Twoja historia wyników

Nie rozwiązałeś tego quizu